000 00573nam a2200217Ia 4500
003 OSt
005 20220926040502.0
006 a|||||r|||| 00| 0
007 ta
008 220923b |||||||| |||| 00| 0 eng d
037 _cGeneral Book
040 _aRTL
_cRTL
_beng
041 _2eng
_aeng
082 _aX5.3,dn3,N59, K5
245 0 _aCLASSIFIED DIRECTORY with alphabetical list of mem
490 _v1V per year V1
500 _aThis Library has 1965
650 _aCommerce
942 _hX5.3,dn3,N59, K5
_cGB
_2CC
999 _c664905
_d664905